01577nam a2200337Ii 4500999001500000001000900015003000400024005001700028008004100045020002400086040001300110082001800123090001600141092002100157100007500178245009100253260004700344264004700391264001100438300002900449336002600478337002800504338002700532490002400559504004100583630020300624630019900827655007701026942001201103952012401115 c7430d743015684677OSt20190211105831.0870514s1976 ilub b 000 0 eng d a0912692871 :c$2.95 aMALcMAL a222.11bR514L aBS1239b.R5 a222.1107bR39ℓ1 aRichards, Larry,d1931-0http://id.loc.gov/authorities/names/n7906542310aLet day begin :bman in God's universe : studies in Genesis and Job /cLarry Richards. aElgin, Ill. :bD.C. Cook Pub. Co.,cc1976. 1aElgin, Ill. :bD.C. Cook Pub. Co.,c[1976] 4c©1976 a197 p. :bmaps ;c22 cm. atextbtxt2rdacontent aunmediatedbn2rdamedia avolumebnc2rdacarrier0 aBible alive series. aIncludes bibliographical references.00aBible.pGenesis0http://id.loc.gov/authorities/names/n80017837xStudy and teaching0http://id.loc.gov/authorities/subjects/sh2001008697vTextbooks.0http://id.loc.gov/authorities/subjects/sh9900175300aBible.pJob0http://id.loc.gov/authorities/names/n79045430xStudy and teaching0http://id.loc.gov/authorities/subjects/sh2001008697vTextbooks.0http://id.loc.gov/authorities/subjects/sh99001753 7aTextbooks.2lcgft0http://id.loc.gov/authorities/genreForms/gf2014026191 2ddccBK 00102ddc40708NFICaHMCbHMCcGENd2019-02-11g1350.00l0o222.11 R514Lp008427r2019-02-11 00:00:00w2019-02-11yBK